[Event "Heusenstamm Schloss op"]
[Site "Heusenstamm"]
[Date "2022.11.20"]
[Round "7"]
[White "Burkart, Lloyd Shang"]
[Black "Wilhelm, Jochen"]
[Result "0-1"]
[WhiteElo "1768"]
[BlackElo "2059"]
[PlyCount "120"]
[EventDate "2022.11.17"]
[EventType "swiss"]
[EventRounds "7"]
[EventCountry "GER"]
[SourceTitle "CBM 212 Extra"]
[Source "ChessBase"]
[SourceDate "2023.03.31"]
[SourceVersion "1"]
[SourceVersionDate "2023.03.31"]
[SourceQuality "1"]

1. d4 d5 2. c4 e6 3. Nf3 Nf6 4. g3 Bb4+ 5. Bd2 Be7 6. Bg2 0-0 7. 0-0 c6 8. Qc2 Nbd7 9. b3 b6 10. Nc3 Ba6 11. cxd5 cxd5 12. Rfe1 Rc8 13. Qb2 Bd6 14. e4 Nxe4 15. Nxe4 dxe4 16. Rxe4 Bd3 17. Re3 Rc2 18. Qb1 Bg6 19. Qe1 Ba3 20. Bb4 Bxb4 21. Qxb4 Qc7 22. Nh4 Nf6 23. Nxg6 hxg6 24. h3 Rd8 25. Rd3 Nd5 26. Bxd5 Rxd5 27. Rdd1 Qd8 28. Qe1 Rc6 29. Rd3 Rcd6 30. Rad1 Rd7 31. Qe3 e5 32. h4 Rxd4 33. Rxd4 exd4 34. Qd3 g5 35. hxg5 Qxg5 36. Qe4 Qd8 37. Rd3 g6 38. Kg2 Kg7 39. Kf3 Rd5 40. Kg2 Qd7 41. Qf4 f6 42. g4 Qd6 43. Qd2 Qe5 44. Rh3 Qe4+ 45. f3 Qe3 46. Qxe3 dxe3 47. a4 Rd2+ 48. Kf1 Rb2 49. f4 Rxb3 50. Ke2 Ra3 51. Rxe3 Rxe3+ 52. Kxe3 Kf7 53. Kd4 Ke6 54. Kc4 a6 55. Kd4 Kd6 56. f5 gxf5 57. gxf5 Kc6 58. Kc4 b5+ 59. axb5+ axb5+ 60. Kb4 Kd6 0-1

[Event "Hessenliga 0910"]
[Site "Germany"]
[Date "2009.11.29"]
[Round "4.4"]
[White "Wilhelm, Jochen"]
[Black "Haenisch, Uwe"]
[Result "1-0"]
[WhiteElo "2164"]
[BlackElo "2178"]
[PlyCount "97"]
[EventDate "2009.09.20"]
[EventType "team-tourn"]
[EventRounds "9"]
[EventCountry "GER"]
[SourceTitle "EXT 2011"]
[Source "ChessBase"]
[SourceDate "2010.11.26"]
[SourceVersion "1"]
[SourceVersionDate "2010.11.26"]
[SourceQuality "1"]
[WhiteTeam "Lorsch"]
[BlackTeam "Kassel"]
[WhiteTeamCountry "GER"]
[BlackTeamCountry "GER"]

1. e4 Nf6 2. e5 Nd5 3. d4 d6 4. Nf3 Bg4 5. c4 Nb6 6. exd6 exd6 7. Be2 Be7 8. 0-0 Nc6 9. Nc3 0-0 10. b3 Re8 11. h3 Bh5 12. Be3 Bf6 13. Rc1 Bg6 14. Qd2 a5 15. a3 d5 16. c5 Nc8 17. Nh2 Bf5 18. Bf3 Be4 19. Bxe4 dxe4 20. d5 Bxc3 21. Rxc3 Ne5 22. f3 f5 23. fxe4 fxe4 24. Bg5 Qd7 25. Rg3 Ra6 26. Bf6 Ng6 27. Bc3 Nce7 28. Rg5 h6 29. Rh5 e3 30. Qd4 Nc8 31. Ng4 e2 32. Re1 Qf7 33. Rxh6 Rf8 34. Rh5 Qf1+ 35. Kh2 Rf7 36. Rg5 Qf4+ 37. Qxf4 Nxf4 38. c6 bxc6 39. Nh6+ Kf8 40. Nxf7 Nxd5 41. Bxg7+ Kxf7 42. Rxe2 Rb6 43. Rf2+ Ke6 44. Rg6+ Kd7 45. Rg3 Nd6 46. Bd4 Rb5 47. Rg7+ Ke6 48. Re2+ Kf5 49. Re5+ 1-0

[Event "Hessenliga 0910"]
[Site "Germany"]
[Date "2009.09.20"]
[Round "1.3"]
[White "Wilhelm, Jochen"]
[Black "Minor, Samuel"]
[Result "0-1"]
[WhiteElo "2164"]
[BlackElo "2218"]
[PlyCount "92"]
[EventDate "2009.09.20"]
[EventType "team-tourn"]
[EventRounds "9"]
[EventCountry "GER"]
[SourceTitle "EXT 2011"]
[Source "ChessBase"]
[SourceDate "2010.11.26"]
[SourceVersion "1"]
[SourceVersionDate "2010.11.26"]
[SourceQuality "1"]
[WhiteTeam "Lorsch"]
[BlackTeam "Dotzheim"]
[WhiteTeamCountry "GER"]
[BlackTeamCountry "GER"]

1. e4 e6 2. d4 d5 3. Nc3 dxe4 4. Nxe4 Bd7 5. Nf3 Bc6 6. Bd3 Nd7 7. 0-0 Ngf6 8. Qe2 Nxe4 9. Bxe4 Bxe4 10. Qxe4 c6 11. c3 Be7 12. Re1 0-0 13. Bf4 Qb6 14. Qe2 Rad8 15. Rad1 Nf6 16. a3 Nd5 17. Bg3 Qb3 18. c4 Nb6 19. c5 Nd5 20. Rd3 Qb5 21. b4 a5 22. Rb3 axb4 23. axb4 Ra8 24. Qb2 Ra4 25. h3 Rfa8 26. Rb1 h6 27. Qd2 Ra2 28. Qd3 Ra1 29. Qxb5 cxb5 30. Ne1 Rxb1 31. Rxb1 Ra4 32. Nd3 Ra3 33. Ne5 Bg5 34. c6 bxc6 35. Nxc6 Ra6 36. Ne5 Ra4 37. Nd3 Nc3 38. Rb2 Ra1+ 39. Kh2 Rd1 40. Ne5 Rxd4 41. Rc2 Ne4 42. Rc8+ Rd8 43. Rc7 Nxg3 44. Kxg3 Bf6 45. Nd7 Be7 46. Nc5 Bd6+ 0-1

[Event "Einhausen op"]
[Site "Einhausen"]
[Date "2009.??.??"]
[Round "6"]
[White "Loesch, Torsten"]
[Black "Wilhelm, Jochen"]
[Result "1/2-1/2"]
[WhiteElo "2050"]
[BlackElo "2160"]
[PlyCount "21"]
[EventDate "2009.??.??"]
[EventType "swiss"]
[EventRounds "7"]
[EventCountry "GER"]
[SourceTitle "EXT 2011"]
[Source "ChessBase"]
[SourceDate "2010.11.26"]
[SourceVersion "1"]
[SourceVersionDate "2010.11.26"]
[SourceQuality "1"]

1. e4 c5 2. Nc3 d6 3. f4 Nc6 4. Nf3 g6 5. Bc4 Bg7 6. d3 e6 7. f5 Nge7 8. fxe6 fxe6 9. 0-0 d5 10. Bb3 0-0 11. Bg5 1/2-1/2

[Event "Einhausen op"]
[Site "Einhausen"]
[Date "2009.??.??"]
[Round "5"]
[White "Wilhelm, Jochen"]
[Black "Andraschko, Felix"]
[Result "1/2-1/2"]
[WhiteElo "2160"]
[BlackElo "2075"]
[PlyCount "68"]
[EventDate "2009.??.??"]
[EventType "swiss"]
[EventRounds "7"]
[EventCountry "GER"]
[SourceTitle "EXT 2011"]
[Source "ChessBase"]
[SourceDate "2010.11.26"]
[SourceVersion "1"]
[SourceVersionDate "2010.11.26"]
[SourceQuality "1"]

1. e4 e5 2. Nf3 Nc6 3. Bb5 a6 4. Ba4 Nf6 5. 0-0 Be7 6. Re1 b5 7. Bb3 0-0 8. c3 d5 9. exd5 Nxd5 10. Nxe5 Nxe5 11. Rxe5 c6 12. d3 Bd6 13. Re1 Qh4 14. g3 Qh3 15. Re4 Qf5 16. Nd2 Qg6 17. Qf3 Bf5 18. a4 Nf6 19. axb5 Nxe4 20. Nxe4 Bxe4 21. dxe4 axb5 22. Rxa8 Rxa8 23. Kg2 Re8 24. h4 Qf6 25. Qxf6 gxf6 26. Kf3 Kg7 27. Be3 Ra8 28. Ke2 b4 29. cxb4 Bxb4 30. Bc4 Ra5 31. f4 Ra1 32. b3 Ra2+ 33. Kf3 Bc3 34. Bc5 Rb2 1/2-1/2

[Event "Hessenliga 0809"]
[Site "Germany"]
[Date "2008.09.28"]
[Round "2.5"]
[White "Mueller, Achim"]
[Black "Wilhelm, Jochen"]
[Result "1/2-1/2"]
[WhiteElo "2151"]
[BlackElo "2171"]
[PlyCount "77"]
[EventDate "2008.09.14"]
[EventType "team-tourn"]
[EventRounds "9"]
[EventCountry "GER"]
[SourceTitle "EXT 2011"]
[Source "ChessBase"]
[SourceDate "2010.11.26"]
[SourceVersion "1"]
[SourceVersionDate "2010.11.26"]
[SourceQuality "1"]
[WhiteTeam "Schoeneck II"]
[BlackTeam "Lorsch"]
[WhiteTeamCountry "GER"]
[BlackTeamCountry "GER"]

1. e4 c5 2. Nf3 d6 3. d4 cxd4 4. Nxd4 Nf6 5. Nc3 a6 6. Bc4 e6 7. Bb3 Nbd7 8. g4 Nc5 9. Qe2 Be7 10. f3 Qc7 11. Be3 b5 12. 0-0-0 b4 13. Na4 Nxb3+ 14. axb3 Nd7 15. Kb1 0-0 16. h4 Bb7 17. Qh2 Rfc8 18. g5 Bf8 19. g6 hxg6 20. h5 g5 21. Bxg5 d5 22. e5 Qxe5 23. f4 Qd6 24. Rhg1 Kh8 25. Qh4 Kh7 26. h6 g6 27. Nf3 d4 28. Nxd4 Be4 29. Rge1 Bd5 30. Rd2 Ra7 31. Red1 Nc5 32. f5 Ne4 33. fxg6+ fxg6 34. Rd3 Be7 35. Nxe6 Qxe6 36. Bxe7 Qxe7 37. Qxe7+ Rxe7 38. Rxd5 Kxh6 39. R1d4 1/2-1/2

[Event "Staufer op 18th"]
[Site "Schwaebisch Gmuend"]
[Date "2006.01.06"]
[Round "9"]
[White "Wilhelm, Jochen"]
[Black "Dittmar, Peter"]
[Result "0-1"]
[WhiteElo "2176"]
[BlackElo "2334"]
[PlyCount "44"]
[EventDate "2006.01.02"]
[EventType "swiss"]
[EventRounds "9"]
[EventCountry "GER"]
[SourceTitle "EXT 2007"]
[Source "ChessBase"]
[SourceDate "2006.11.23"]
[SourceVersion "1"]
[SourceVersionDate "2006.11.23"]
[SourceQuality "1"]

1. e4 e6 2. d4 d5 3. Nc3 Bb4 4. e5 Ne7 5. Qg4 Nf5 6. a3 h5 7. Qf4 Be7 8. Nf3 b6 9. Bd3 g6 10. 0-0 Ba6 11. Bxa6 Nxa6 12. Ne2 c5 13. c4 dxc4 14. dxc5 Nxc5 15. Qxc4 Qd3 16. Qxd3 Nxd3 17. Rd1 0-0-0 18. Nf4 Nxe5 19. Be3 Nxf3+ 20. gxf3 Rxd1+ 21. Rxd1 Rd8 22. Rc1+ Kb7 0-1

[Event "Staufer op 17th"]
[Site "Schwaebisch Gmuend"]
[Date "2005.01.03"]
[Round "3"]
[White "Wilhelm, Jochen"]
[Black "Dolezal, Radoslav1111"]
[Result "0-1"]
[WhiteElo "2211"]
[BlackElo "2420"]
[PlyCount "68"]
[EventDate "2005.01.??"]
[EventType "swiss"]
[EventRounds "9"]
[EventCountry "GER"]
[SourceTitle "EXT 2008"]
[Source "ChessBase"]
[SourceDate "2007.11.25"]
[SourceVersion "1"]
[SourceVersionDate "2007.11.25"]
[SourceQuality "1"]

1. e4 e5 2. Nf3 Nc6 3. Bb5 a6 4. Ba4 Nf6 5. 0-0 b5 6. Bb3 Be7 7. Re1 0-0 8. h3 Bb7 9. c3 d5 10. exd5 Nxd5 11. d4 exd4 12. cxd4 Bf6 13. Nc3 Nb6 14. Be3 Na5 15. Bc2 Nac4 16. b3 Nxe3 17. fxe3 Re8 18. b4 Qd6 19. a3 Nc4 20. e4 Rad8 21. e5 Nxe5 22. dxe5 Qb6+ 23. Kh1 Rxd1 24. Raxd1 Be7 25. Be4 c6 26. Nd4 g6 27. Nb3 Bh4 28. Re2 Rxe5 29. Na5 Re6 30. Red2 Bf6 31. Bf3 Bxc3 32. Rd7 Qf2 33. Nxb7 Re1+ 34. Rxe1 Qxe1+ 0-1

[Event "Hessenliga 0203"]
[Site "Germany"]
[Date "2003.03.16"]
[Round "8.2"]
[White "Wege, Jochen"]
[Black "Wilhelm, Jochen"]
[Result "1-0"]
[WhiteElo "2266"]
[BlackElo "2205"]
[PlyCount "107"]
[EventDate "2002.10.??"]
[EventType "team"]
[EventRounds "9"]
[EventCountry "GER"]
[SourceTitle "EXT 2004"]
[Source "ChessBase"]
[SourceDate "2003.11.25"]
[SourceVersion "1"]
[SourceVersionDate "2003.11.25"]
[SourceQuality "1"]
[WhiteTeam "Frankfurt BvK"]
[BlackTeam "Lorsch"]
[WhiteTeamCountry "GER"]
[BlackTeamCountry "GER"]

1. e4 e6 2. Nf3 d5 3. Nc3 Nf6 4. e5 Nfd7 5. d4 c5 6. Bg5 f6 7. exf6 Nxf6 8. dxc5 Bxc5 9. Bd3 Nc6 10. 0-0 0-0 11. Qd2 a6 12. Rae1 Qc7 13. Bf4 Bd6 14. Bxd6 Qxd6 15. Qg5 Bd7 16. Re2 Rae8 17. Rfe1 Re7 18. Ne5 Nxe5 19. Rxe5 Ref7 20. Qh4 Qb6 21. Nd1 g6 22. c3 Nh5 23. Qd4 Qxd4 24. cxd4 Rf4 25. Be2 Nf6 26. Nc3 Rxd4 27. Bf3 Rd2 28. R1e2 Rxe2 29. Nxe2 Rc8 30. g4 Kf7 31. g5 Ne8 32. Bg4 Rc4 33. h3 Nd6 34. b3 Re4 35. f4 Rxe5 36. fxe5 Ne4 37. h4 a5 38. Kg2 b5 39. Kf3 Ke7 40. Ke3 b4 41. Kd4 a4 42. bxa4 Bxa4 43. Nf4 Bd7 44. Nd3 Nd2 45. Nxb4 Nc4 46. Nd3 Bc8 47. a4 Bd7 48. Nc5 Bc8 49. Be2 Na5 50. Bb5 Kd8 51. Nd3 Kc7 52. Nf4 Nc6+ 53. Bxc6 Kxc6 54. Nxg6 1-0

[Event "Hessenliga 0203"]
[Site "Germany"]
[Date "2003.02.16"]
[Round "7.2"]
[White "Kaulfuss, Helmut"]
[Black "Wilhelm, Jochen"]
[Result "1-0"]
[WhiteElo "2246"]
[BlackElo "2205"]
[PlyCount "113"]
[EventDate "2002.10.??"]
[EventType "team"]
[EventRounds "9"]
[EventCountry "GER"]
[SourceTitle "EXT 2004"]
[Source "ChessBase"]
[SourceDate "2003.11.25"]
[SourceVersion "1"]
[SourceVersionDate "2003.11.25"]
[SourceQuality "1"]
[WhiteTeam "Hofheim II"]
[BlackTeam "Lorsch"]
[WhiteTeamCountry "GER"]
[BlackTeamCountry "GER"]

1. e4 e6 2. d3 d5 3. Nd2 Nf6 4. Ngf3 Nc6 5. Be2 e5 6. 0-0 Bc5 7. c3 a5 8. Qc2 0-0 9. Nb3 Be7 10. a4 h6 11. h3 b6 12. Re1 Bb7 13. Nh2 Bd6 14. Nf1 Ne7 15. Ng3 Re8 16. Bf3 Ng6 17. Nf5 Bf8 18. g3 c6 19. Nd2 Qc7 20. Nf1 Rad8 21. h4 c5 22. c4 d4 23. Qe2 Ne7 24. g4 Nxf5 25. gxf5 Bd6 26. Ng3 Kf8 27. Bd2 Ke7 28. Kg2 Rh8 29. Rh1 Rdg8 30. Rag1 Qd8 31. Kf1 Kd7 32. Rh2 Kc7 33. Rhg2 Bc6 34. b3 Be8 35. Ke1 Qe7 36. Nf1 Qf8 37. Bg4 Be7 38. Bh3 Nd7 39. Qg4 Nf6 40. Qg3 Bd6 41. Bg4 Qe7 42. Nh2 Nd7 43. Bh5 Nf6 44. Be2 Bd7 45. f4 Bc6 46. fxe5 Bxe5 47. Bf4 Nd7 48. Nf3 f6 49. Bxe5+ fxe5 50. Qh2 Rh7 51. Rg6 Kb7 52. Re6 Qd8 53. Rgg6 Nf8 54. Rxc6 Nxg6 55. Rxg6 Re8 56. Nxe5 Re7 57. Nc6 1-0

[Event "Hessenliga 0102"]
[Site "Germany"]
[Date "2002.04.21"]
[Round "9.3"]
[White "Wilhelm, Jochen"]
[Black "Kopp, Peter"]
[Result "1/2-1/2"]
[WhiteElo "2233"]
[BlackElo "2171"]
[PlyCount "39"]
[EventDate "2001.10.??"]
[EventType "team"]
[EventRounds "9"]
[EventCountry "GER"]
[SourceTitle "EXT 2003"]
[Source "ChessBase"]
[SourceDate "2002.11.25"]
[SourceVersion "1"]
[SourceVersionDate "2002.11.25"]
[SourceQuality "1"]
[WhiteTeam "Lorsch"]
[BlackTeam "Hofheim II"]
[WhiteTeamCountry "GER"]
[BlackTeamCountry "GER"]

1. e4 c6 2. d4 d5 3. exd5 cxd5 4. c4 Nf6 5. Nc3 e6 6. Nf3 Nc6 7. cxd5 Nxd5 8. Bd3 Be7 9. 0-0 0-0 10. Re1 Bf6 11. a3 g6 12. Be4 b6 13. Bh6 Bg7 14. Bxg7 Kxg7 15. Qb3 Nce7 16. Bxd5 Nxd5 17. Nxd5 exd5 18. Re5 Be6 19. Ng5 Qf6 20. Rae1 1/2-1/2

[Event "Hessenliga 0001"]
[Site "Hessen"]
[Date "2001.02.11"]
[Round "6.4"]
[White "Nikel, Alfred"]
[Black "Wilhelm, Jochen"]
[Result "0-1"]
[WhiteElo "2129"]
[BlackElo "2229"]
[PlyCount "161"]
[EventDate "2000.10.??"]
[EventType "team"]
[EventRounds "9"]
[EventCountry "GER"]
[SourceTitle "EXT 2002"]
[Source "ChessBase"]
[SourceDate "2001.11.25"]
[SourceVersion "1"]
[SourceVersionDate "2001.11.25"]
[SourceQuality "1"]

1. e4 c5 2. Ne2 d6 3. c4 Nf6 4. Nbc3 Nc6 5. d4 cxd4 6. Nxd4 g6 7. Be2 Nxd4 8. Qxd4 Bg7 9. 0-0 0-0 10. Qd1 Be6 11. Bd2 a6 12. Rc1 Rc8 13. b3 Nd7 14. Be3 Qa5 15. Qd2 Rfe8 16. Nd5 Qxd2 17. Bxd2 Nc5 18. f3 Bb2 19. Rc2 Bd4+ 20. Be3 Bxe3+ 21. Nxe3 a5 22. Rfc1 Bd7 23. Nd5 Rc6 24. Ne3 Kg7 25. Kf2 g5 26. g3 h5 27. Rd1 Rh8 28. Rcd2 f6 29. Bd3 h4 30. g4 Kf7 31. h3 Rb8 32. Bf1 Rcc8 33. Rc2 Ne6 34. Rdc1 b6 35. a4 Bc6 36. Rd2 Nc5 37. Rc3 Bxe4 38. Bg2 Bc6 39. Nf5 Bd7 40. Nd4 Ne6 41. Ne2 Bc6 42. Re3 Rd8 43. Nd4 Nxd4 44. Rxd4 e5 45. Rd1 d5 46. Red3 d4 47. Re1 Ke6 48. f4 Bxg2 49. f5+ Kd6 50. Kxg2 Kc5 51. Kf3 b5 52. axb5 a4 53. bxa4 Kxc4 54. Ke4 Kb4 55. Ra1 Ra8 56. Rda3 Rdb8 57. R3a2 Kb3 58. Kd3 Kb4 59. Rb1+ Kc5 60. Ke4 Kb6 61. Rc1 Rc8 62. Rxc8 Rxc8 63. Kd5 Rc3 64. Ke6 d3 65. Kd5 Rc2 66. Ra3 d2 67. Rd3 Ra2 68. Ke6 e4 69. Rd6+ Ka5 70. b6 e3 71. b7 Rb2 72. Kxf6 Rxb7 73. Kxg5 e2 74. Rxd2 e1Q 75. Rd5+ Kxa4 76. f6 Qe3+ 77. Kg6 Qe8+ 78. Kf5 Rb1 79. Rd4+ Kb5 80. g5 Rf1+ 81. Kg4 0-1

[Event "Hessenliga 9900"]
[Site "Hessen"]
[Date "2000.04.02"]
[Round "9.6"]
[White "Wilhelm, Jochen"]
[Black "Schiffer, Steve"]
[Result "1/2-1/2"]
[WhiteElo "2232"]
[BlackElo "2133"]
[PlyCount "31"]
[EventDate "1999.09.26"]
[EventType "team"]
[EventRounds "11"]
[EventCountry "GER"]
[SourceTitle "EXT 2002"]
[Source "ChessBase"]
[SourceDate "2001.11.25"]
[SourceVersion "1"]
[SourceVersionDate "2001.11.25"]
[SourceQuality "1"]

1. e4 c5 2. Nf3 Nc6 3. d4 cxd4 4. Nxd4 Nf6 5. Nc3 d6 6. f4 e6 7. Be2 Be7 8. Be3 0-0 9. 0-0 e5 10. Nb3 exf4 11. Bxf4 Be6 12. Kh1 d5 13. e5 Nd7 14. Bf3 Ndxe5 15. Bxd5 Bxd5 16. Nxd5 1/2-1/2